01147 a2200193 45000010006000000050017000060080041000230030015000640400040000790800018001192450039001370200018001762500013001942640037002073000019002445050653002630410008009161000029009245476020260407155823.0260407a1983 arg spa dAR-UNSa-BCEJYS aAR-UNSa-BCEJYSbspacAR-UNSa-BCEJYS a82-4xEnsayos10aEl hombre que está solo y espera a950-21-0582-6 a16a. ed. 1aBuenos Aires :bPlus Ultrac1983 a157 p.c20 cm. a1. La gota de agua - 2. Los ojos infidentes - 3. Un olvido del egoísmo - 4. El hombre de Corrientes y Esmeralda - 5. El hijo de nadie - 6. La tierra invisible - 7. La ciudad sin amor - 8. Las vidas que se escurren - 9. La edad de los años - 10. El místico sin Dios - 11. El primer juicio mortal - 12. Delegación de un destino - 13. El piloto del caos - 14. La apostasía intelectual - 15. La defección política - 16. El patrón de sí mismo - 17. El destructor de espejísmos - 18. El millonario ingénito - 19. La rehumanización de la vida - 20. Libreta de apuntes - 21. Connotación de fugacidades - 22. Acentos de una soledad aspa1 aScalabrini Ortiz, Raúl